Sanat - "Peltirumpu" - Sielun Veljet - Statistics

Yleistilastot
  • Tätä visaa on pelattu 152 kertaa
  • Keskiarvotulos 81 / 125
Vastaustilastot
Sanat % Oikein
peltirumpu
97%
komerossa
93%
Lastenhuoneen
93%
lastenhuoneen
93%
yksinäinen
89%
Yksinäinen
89%
Ja
88%
88%
88%
Se
88%
kävelemään
85%
lähti
81%
keltaiset
80%
olet
80%
ovat
80%
on
78%
On
78%
seinät
78%
robotin
73%
aina
72%
niin
72%
käyntiin
70%
aurinko
69%
keltainen,
69%
jäät
68%
kerrotaan
66%
Vedit
66%
äiti
64%
katsomaan
63%
Lapsi
63%
Myös
62%
osta
61%
osta,
61%
sitä
60%
tänne
57%
joskus
56%
Oi
56%
pääsisi
56%
kunpa
55%
lelu
55%
pois
52%
komerosta
49%
Tuo
48%
ruinas:
46%
kaunis
44%
palamaan
44%
laatikosta
40%
kuin
37%
vain
37%
syty
36%
Jälkeen
35%
koskaan
35%
kyllästynyt
35%
leikin
34%
yhden
34%
palaa,
33%
nalleverhot
32%
hautapaikan
31%
sai
31%
tuikkaat
30%
aurinkoa
29%
päässyt
26%
kalseaan
25%
kosta
25%
Muttei
25%
tuoksuun
25%
kalman
24%
ethän
23%
oisi
19%
katsot:
15%
ävelemään
1%
Ehtoja vastaavia visoja ei löytynyt
Tulosjakauma
Jokaisen tuloksen saaneiden osuus
Persentiili vastausten määrän mukaan
Tuloshistoriasi
Et ole pelannut tätä visaa